| 000 | nam a22 a 4500 | ||
|---|---|---|---|
| 999 |
_c3553 _d3553 |
||
| 005 | 20170523110402.0 | ||
| 008 | 170523b1987 nyu||||| |||| 00| 0 eng d | ||
| 020 | _a0023344105 | ||
| 040 | _aAKMAL | ||
| 082 | _a658.8 EVA | ||
| 090 |
_a658.8 _bEVA |
||
| 245 |
_aMarketing / _cJoel R. Evans, Barry Berman. |
||
| 250 | _a3rd ed. | ||
| 260 |
_aNew York _bMacmillan Publishing Company _c1987. |
||
| 260 |
_aLondon _bCollier Macmillan _c1987. |
||
| 300 | _ccm | ||
| 942 |
_2ddc _cBOOK |
||